000 00662cam a2200217 a 4500
001 000005128
005 20200929151603.0
008 760827s1980 pr 000 p spa d
020 _a0847732185
040 _aDO-SdBNP
_cDLC
_dDLC
082 _aPR861.4
_bR484ó
100 1 _aRibera Chevremont, Evaristo,
_d1896-1976.
_99208
245 1 0 _aObra poética /
_cEvaristo Ribera Chevremont.
260 _aRío Piedras, Puerto Rico :
_bEditorial Universitaria,
_c1980.
300 _a2 v. ;
_c23 cm.
650 4 _aPoesía puertorriqueña
_91015
650 4 _aLiteratura puertorriqueña
_9250
910 _aCatalogación por copia / LC
910 _aWM
049 _aBNGR
999 _c4931
_d4931